000 00291nam a22001337a 4500
008 210226b ||||| |||| 00| 0 eng d
020 _a0812101677
041 _aeng
080 _a61
100 _a4
101 _aSHM
245 _aClinical Nuclear Medicine
_cMaynard,D.C
942 _2udc
_cBK
999 _c55303
_d55303